Catálogo público

(Record no. 182799)

MARC details
000 -CABECERA
campo de control de longitud fija 00511nam a2200181Ia 4500
001 - NÚMERO DE CONTROL
campo de control IA_3566,20/06/2007,02/08/2007,0000002002 sp A 0000000000spa00,"
008 - DATOS DE LONGITUD FIJA--INFORMACIÓN GENERAL
campo de control de longitud fija 220117s Nam xx 000 0 und d
010 ## - NÚMERO DE CONTROL DE LA BIBLIOTECA DEL CONGRESO
Número de control de LC 182799
020 ## - NÚMERO INTERNACIONAL ESTÁNDAR DEL LIBRO
Número Internacional Estándar del Libro 84-8474-067-6
082 ## - NÚMERO DE LA CLASIFICACIÓN DECIMAL DEWEY
Número de clasificación 634.711 S5
100 ## - ENTRADA PRINCIPAL--NOMBRE DE PERSONA
Nombre de persona Sierra Pereiro
9 (RLIN) 154921
260 ## - PUBLICACIÓN, DISTRIBUCIÓN, ETC.
Lugar de publicación, distribución, etc. Barcelona
Fecha de publicación, distribución, etc. Nam
300 ## - DESCRIPCIÓN FÍSICA
Extensión 195P
650 ## - PUNTO DE ACCESO ADICIONAL DE MATERIA--TÉRMINO DE MATERIA
Término de materia o nombre geográfico como elemento de entrada fruta
Subdivisión general mercado
9 (RLIN) 163667
904 ## - ELEMENTOS DE DATOS D LOCAL, LDD (RLIN)
a Nam

No items available.